Selected writings of Madhusudan Das / (Record no. 79654)

MARC details
000 -LEADER
fixed length control field 00632nam a22001937a 4500
005 - DATE AND TIME OF LATEST TRANSACTION
control field 20140214161222.0
010 ## - LCCN (DPL NO)
LC control number ENG-108569
020 ## - INTERNATIONAL STANDARD BOOK NUMBER
International Standard Book Number 9788123767611
Terms of availability 110.00
020 ## - INTERNATIONAL STANDARD BOOK NUMBER
International Standard Book Number 8123767617
Terms of availability 110.00
035 ## - SYSTEM CONTROL NUMBER
System control number EN-92102
037 ## - SOURCE OF ACQUISITION
Source of stock number/acquisition DBAD/PUB
082 ## - DEWEY DECIMAL CLASSIFICATION NUMBER
Classification number 954.130350924
245 ## - TITLE STATEMENT
Title Selected writings of Madhusudan Das /
Statement of responsibility, etc edited by Pritish Acharya
260 ## - PUBLICATION, DISTRIBUTION, ETC. (IMPRINT)
Place of publication, distribution, etc New Delhi
Name of publisher, distributor, etc National Book Trust
Date of publication, distribution, etc 2013
270 ## - ADDRESS
Address Nehru Bhawan, 5 Institutional Area, Phase-II Vasant Kunj
City New Delhi
Postal code 110070
300 ## - PHYSICAL DESCRIPTION
Extent xxxii, 240p.
Dimensions 24cm (pbk)
700 ## - ADDED ENTRY--PERSONAL NAME
Personal name Pritish Acharya
942 ## - ADDED ENTRY ELEMENTS (KOHA)
Source of classification or shelving scheme Dewey Decimal Classification
Item type English Books
Call number suffix SEL
Classification part 954.130350924
Holdings
Withdrawn status Lost status Not for loan Collection code Home library Current library Date acquired Source of acquisition Cost, normal purchase price Full call number Barcode Copy number Cost, replacement price Koha item type
    Not For Loan Non-fiction D.B.Act.Division D.B.Act.Division 26/09/2013 DBAD/PUB 110.00 954.130350924 SEL EN-92102 1 110.00 English Books

© Delhi Public Library
Hit Counter
free hit counter